[Event "Liga Madrileña - DH 2012-2013"]
[Site "Madrid ESP"]
[Date "2012.12.16"]
[Round "4.26"]
[White "Collado Barbas, Laura"]
[Black "Paredes Sanchez, Juan Antonio"]
[Result "1-0"]
[WhiteElo "2151"]
[BlackElo "2205"]
[PlyCount "73"]
[EventDate "2012.11.18"]
[EventRounds "14"]
[EventCountry "ESP"]
[Source "lmi"]
[SourceDate "2012.11.18"]
[WhiteTeam "Casa del Ajedrez"]
[BlackTeam "Amigos del Retiro"]
[WhiteTeamCountry "ESP"]
[BlackTeamCountry "ESP"]

1. d4 Nf6 2. c4 g6 3. Nc3 Bg7 4. e4 d6 5. Nf3 O-O 6. h3 e5 7. d5 Na6 8. Bg5 h6
9. Be3 Nc5 10. Nd2 a5 11. g4 c6 12. Qf3 a4 13. g5 hxg5 14. Bxg5 Ncd7 15. h4 Qe8
16. Bh3 Nh7 17. Be3 f5 18. exf5 gxf5 19. Bxf5 a3 20. Rg1 axb2 21. Rb1 Kh8 22.
Qg3 Qe7 23. Bxh7 Kxh7 24. Nde4 Kh8 25. Nxd6 e4 26. Ncxe4 Ne5 27. Qxg7+ Qxg7 28.
Rxg7 Nf3+ 29. Ke2 Kxg7 30. Nxc8 Raxc8 31. Rxb2 cxd5 32. Rxb7+ Kg6 33. Rb6+ Kh5
34. Nf6+ Kxh4 35. Kxf3 dxc4 36. Kg2 c3 37. Rb4+ 1-0

[Event "Liga Madrileña - DH 2012-2013"]
[Site "Madrid ESP"]
[Date "2012.12.16"]
[Round "4.31"]
[White "Alcazar Jimenez, Victor Manuel"]
[Black "Vazquez Igarza, Renier"]
[Result "0-1"]
[WhiteElo "2373"]
[BlackElo "2565"]
[PlyCount "126"]
[EventDate "2012.11.18"]
[EventRounds "14"]
[EventCountry "ESP"]
[Source "lmi"]
[SourceDate "2012.11.18"]
[WhiteTeam "Blanco y Negro"]
[BlackTeam "Collado Villalba"]
[WhiteTeamCountry "ESP"]
[BlackTeamCountry "ESP"]

1. c4 Nf6 2. Nc3 g6 3. g3 Bg7 4. Bg2 O-O 5. e3 c6 6. Nge2 d5 7. cxd5 cxd5 8. d4
Nc6 9. Nf4 e5 10. dxe5 Nxe5 11. O-O Bg4 12. f3 Bd7 13. Nfxd5 Nxd5 14. Qxd5 Qb6
15. f4 Bc6 16. Qb3 Bxg2 17. Kxg2 Qc6+ 18. Qd5 Rfd8 19. Qxc6 Nxc6 20. Rb1 Rac8
21. e4 Bxc3 22. bxc3 b6 23. Ba3 Na5 24. Rbd1 Nc4 25. Bc1 Nd6 26. Rfe1 Rxc3 27.
Kh3 Rcc8 28. Bb2 Ne8 29. Rd5 Rd6 30. Ba3 Re6 31. Rd7 Nf6 32. Re7 h5 33. Re2 Rc4
34. e5 Rxe7 35. Bxe7 Ne4 36. Kg2 f5 37. exf6 Kf7 38. Bd8 Rd4 39. Bc7 Nxf6 40.
Be5 Ra4 41. Rc2 Ng4 42. Kf3 Nxe5+ 43. fxe5 Ke6 44. Rc6+ Kxe5 45. Rxg6 Ra3+ 46.
Kg2 Rxa2+ 47. Kh3 Kf5 48. Rh6 Kg5 49. Rh8 Ra4 50. Rg8+ Kf6 51. Rh8 Kg6 52. Rg8+
Kh7 53. Rg5 Kh6 54. Rd5 Rg4 55. Rd6+ Rg6 56. Rd7 a5 57. Rd5 Rc6 58. Kh4 Rc4+
59. Kh3 Rb4 60. Rd6+ Kg7 61. Rd5 a4 62. Rxh5 a3 63. Rd5 Ra4 0-1

[Event "Liga Madrileña - DH 2012-2013"]
[Site "Madrid ESP"]
[Date "2012.12.16"]
[Round "4.32"]
[White "Moreno Ruiz, Javier"]
[Black "Alarcia Astriz, Carlos"]
[Result "1-0"]
[WhiteElo "2492"]
[BlackElo "2335"]
[PlyCount "115"]
[EventDate "2012.11.18"]
[EventRounds "14"]
[EventCountry "ESP"]
[Source "lmi"]
[SourceDate "2012.11.18"]
[WhiteTeam "Collado Villalba"]
[BlackTeam "Blanco y Negro"]
[WhiteTeamCountry "ESP"]
[BlackTeamCountry "ESP"]

1. d4 Nf6 2. c4 e6 3. Nc3 d5 4. cxd5 exd5 5. Bg5 Nbd7 6. e3 c6 7. Qc2 Be7 8.
Bd3 O-O 9. Nge2 Re8 10. O-O Nf8 11. f3 h6 12. Bh4 c5 13. Bxf6 Bxf6 14. dxc5
Rxe3 15. Rad1 d4 16. Be4 Be6 17. Nb5 Qa5 18. Nexd4 a6 19. Nd6 Qxa2 20. Bxb7 Rd8
21. Be4 Rb8 22. b4 Rxb4 23. Qxa2 Bxa2 24. Nc2 Rexe4 25. Nxe4 Rc4 26. Nxf6+ gxf6
27. Rc1 Ne6 28. Ne3 Rxc5 29. Rxc5 Nxc5 30. Ra1 Be6 31. Ra5 Nd7 32. Rxa6 Kg7 33.
Ra7 f5 34. Nd5 Ne5 35. Nf4 Kf6 36. Kf2 Nc4 37. Rc7 Nd6 38. Kg3 Ne8 39. Rc6 Ng7
40. Kh4 Ke7 41. Rc7+ Kf6 42. Ra7 Bc4 43. Rc7 Be6 44. Nh5+ Nxh5 45. Kxh5 Kg7 46.
Rc6 Kh7 47. Rb6 Kg7 48. Kh4 Kf6 49. Kg3 Kg5 50. f4+ Kf6 51. Kf2 Kg6 52. Ke3 Kh5
53. Kd4 Kg4 54. Ke5 h5 55. Rb8 Kh4 56. Rf8 Kg4 57. Rg8+ Kh4 58. Rg5 1-0

[Event "Liga Madrileña - DH 2012-2013"]
[Site "Madrid ESP"]
[Date "2012.12.16"]
[Round "4.33"]
[White "Alcazar Jimenez, Jesus Alberto"]
[Black "Reyes Larena, Juan"]
[Result "0-1"]
[WhiteElo "2231"]
[BlackElo "2441"]
[PlyCount "96"]
[EventDate "2012.11.18"]
[EventRounds "14"]
[EventCountry "ESP"]
[Source "lmi"]
[SourceDate "2012.11.18"]
[WhiteTeam "Blanco y Negro"]
[BlackTeam "Collado Villalba"]
[WhiteTeamCountry "ESP"]
[BlackTeamCountry "ESP"]

1. f4 Nf6 2. Nf3 d5 3. g3 g6 4. b3 Bg7 5. Bb2 O-O 6. Bg2 c5 7. O-O Nc6 8. e3 d4
9. Na3 Bf5 10. Re1 Rc8 11. h3 a6 12. g4 Bd7 13. Nc4 b5 14. Nce5 Be8 15. Qe2 Nd5
16. Nxc6 Bxc6 17. Ne5 Be8 18. Qf2 Nb4 19. d3 f6 20. Nf3 e5 21. a3 Nd5 22. exd4
cxd4 23. Nxd4 Nxf4 24. Bf1 Bf7 25. Nf3 Bd5 26. c4 Bf7 27. Rad1 Qc7 28. g5 Be6
29. Qg3 e4 30. Nd4 fxg5 31. Kh1 Bd7 32. Rxe4 Nxh3 33. Qxc7 Nf2+ 34. Kg1 Rxc7
35. Rde1 Nxe4 36. Rxe4 Rf4 37. Bg2 bxc4 38. dxc4 Rxe4 39. Bxe4 Bxd4+ 40. Bxd4
Bc6 41. Be5 Rc8 42. Bxc6 Rxc6 43. Kf2 Kf7 44. Ke3 Ke6 45. Kd4 g4 46. Bg3 Kd7
47. b4 Rf6 48. a4 Rf3 0-1

[Event "Liga Madrileña - DH 2012-2013"]
[Site "Madrid ESP"]
[Date "2012.12.16"]
[Round "4.34"]
[White "Garrido Dominguez, Jesus"]
[Black "Martin Lozano, Miguel Angel"]
[Result "1-0"]
[WhiteElo "2400"]
[BlackElo "2230"]
[PlyCount "59"]
[EventDate "2012.11.18"]
[EventRounds "14"]
[EventCountry "ESP"]
[Source "lmi"]
[SourceDate "2012.11.18"]
[WhiteTeam "Collado Villalba"]
[BlackTeam "Blanco y Negro"]
[WhiteTeamCountry "ESP"]
[BlackTeamCountry "ESP"]

1. e4 c5 2. Nf3 d6 3. d4 cxd4 4. Nxd4 Nf6 5. Nc3 a6 6. h3 e5 7. Nde2 Be6 8. g4
Nbd7 9. Bg2 Nb6 10. O-O d5 11. exd5 Nfxd5 12. Ne4 Be7 13. b3 O-O 14. a3 Qc7 15.
c4 Nf6 16. N4g3 Rfd8 17. Qc2 Nfd7 18. Nc3 Nc5 19. Be3 Nd3 20. Be4 Nf4 21. Bxh7+
Kh8 22. Be4 Nxh3+ 23. Kg2 Nf4+ 24. Bxf4 exf4 25. Rh1+ Kg8 26. Bd5 Bf6 27. Qh7+
Kf8 28. Nf5 Bxf5 29. Qxf5 Kg8 30. Rae1 1-0

[Event "Liga Madrileña - DH 2012-2013"]
[Site "Madrid ESP"]
[Date "2012.12.16"]
[Round "4.35"]
[White "Garrido Olivares, Ricard"]
[Black "Pastor Alonso de Prado, Alberto"]
[Result "1/2-1/2"]
[WhiteElo "2218"]
[BlackElo "2143"]
[PlyCount "113"]
[EventDate "2012.11.18"]
[EventRounds "14"]
[EventCountry "ESP"]
[Source "lmi"]
[SourceDate "2012.11.18"]
[WhiteTeam "Blanco y Negro"]
[BlackTeam "Collado Villalba"]
[WhiteTeamCountry "ESP"]
[BlackTeamCountry "ESP"]

1. Nf3 d5 2. d4 Nf6 3. c4 e6 4. Nc3 Be7 5. Bg5 O-O 6. e3 h6 7. Bh4 Ne4 8. Bxe7
Qxe7 9. Rc1 Nxc3 10. Rxc3 c6 11. Bd3 dxc4 12. Bxc4 Nd7 13. O-O b6 14. e4 Bb7
15. Re1 Rfd8 16. Qc2 Rac8 17. a3 c5 18. d5 exd5 19. exd5 Qd6 20. Nh4 Re8 21.
Rce3 Rxe3 22. Rxe3 Rd8 23. Nf5 Qf8 24. d6 Nf6 25. h3 g6 26. Ne7+ Kg7 27. Nxg6
Qxd6 28. Ne5 Qd1+ 29. Qxd1 Rxd1+ 30. Kh2 Bd5 31. Rd3 Rxd3 32. Bxd3 Ne4 33. Bxe4
Bxe4 34. f3 Bd5 35. Kg3 f6 36. Ng4 Be6 37. Ne3 Kf7 38. Kf4 b5 39. Ke4 a5 40. f4
Ke7 41. Nd5+ Kf7 42. Nc3 b4 43. Na4 c4 44. axb4 axb4 45. Kd4 Kg6 46. Nb6 Kf5
47. Ke3 h5 48. g3 c3 49. bxc3 bxc3 50. Kd3 c2 51. Kxc2 Ke4 52. g4 Bxg4 53. hxg4
h4 54. g5 fxg5 55. fxg5 Kf5 56. Nd5 h3 57. Ne3+ 1/2-1/2

[Event "Liga Madrileña - DH 2012-2013"]
[Site "Madrid ESP"]
[Date "2012.12.16"]
[Round "4.36"]
[White "Bote Alvarez-Carrasco, Valentin"]
[Black "Rivas Vila, David"]
[Result "1/2-1/2"]
[WhiteElo "2130"]
[BlackElo "2213"]
[PlyCount "81"]
[EventDate "2012.11.18"]
[EventRounds "14"]
[EventCountry "ESP"]
[Source "lmi"]
[SourceDate "2012.11.18"]
[WhiteTeam "Collado Villalba"]
[BlackTeam "Blanco y Negro"]
[WhiteTeamCountry "ESP"]
[BlackTeamCountry "ESP"]

1. Nf3 g6 2. c4 f5 3. g3 Bg7 4. d4 Nf6 5. Bg2 O-O 6. O-O d6 7. Nc3 Qe8 8. Nd5
Na6 9. Nxf6+ Rxf6 10. d5 Rb8 11. Be3 c5 12. dxc6 bxc6 13. Bxa7 Rb4 14. Bd4 e5
15. Bc3 Rxc4 16. Qb3 Be6 17. Nd2 Rc5 18. Qa4 Qc8 19. Rac1 Bd5 20. e4 Bf7 21. b4
Rb5 22. Bxe5 Nc5 23. Rxc5 dxc5 24. Bxf6 Rxb4 25. Qa7 Bxf6 26. exf5 Qxf5 27. a3
Rb2 28. Ne4 Bd4 29. Nd6 Bxf2+ 30. Kh1 Qe6 31. Nxf7 Qxf7 32. Qa8+ Kg7 33. Qxc6
Qe7 34. a4 Re2 35. a5 Re1 36. a6 Qe2 37. Qc7+ Kh6 38. Qf4+ Kg7 39. Qc7+ Kf6 40.
Qd6+ Kg7 41. Qc7+ 1/2-1/2

[Event "Liga Madrileña - DH 2012-2013"]
[Site "Madrid ESP"]
[Date "2012.12.16"]
[Round "4.41"]
[White "Arribas Lopez, Angel"]
[Black "Pilgaard, Kim"]
[Result "1/2-1/2"]
[WhiteElo "2477"]
[BlackElo "2432"]
[PlyCount "130"]
[EventDate "2012.11.18"]
[EventRounds "14"]
[EventCountry "ESP"]
[Source "lmi"]
[SourceDate "2012.11.18"]
[WhiteTeam "Virgen de Atocha"]
[BlackTeam "Cafe Comercial"]
[WhiteTeamCountry "ESP"]
[BlackTeamCountry "ESP"]

1. e4 e5 2. Nf3 Nc6 3. Bb5 a6 4. Ba4 Nf6 5. d3 d6 6. c3 Be7 7. O-O O-O 8. Re1
Kh8 9. h3 Ng8 10. d4 b5 11. Bb3 exd4 12. cxd4 Na5 13. Bc2 c5 14. Nc3 Bb7 15.
Nd5 Rc8 16. Nxe7 Qxe7 17. d5 Nc4 18. b3 Ne5 19. Bb2 f6 20. Nh4 Qf7 21. Nf5 Rcd8
22. f4 Ng6 23. Qf3 N6e7 24. g4 Nxf5 25. gxf5 Rd7 26. Kh2 Re7 27. Rg1 Nh6 28.
Rad1 Rfe8 29. Rd2 Ba8 30. Qf2 Rxe4 31. Bxe4 Rxe4 32. Re1 Qh5 33. Rxe4 Ng4+ 34.
Kg3 Nxf2 35. Kxf2 h6 36. Re7 Qh4+ 37. Ke2 Qh5+ 38. Ke1 Kg8 39. Ra7 Qh4+ 40. Kd1
Bxd5 41. Rxd5 Qxf4 42. Rd2 Qf1+ 43. Kc2 Qxf5+ 44. Kc1 d5 45. Rxa6 Qxh3 46. Rxd5
Qe3+ 47. Rd2 c4 48. bxc4 bxc4 49. Ra3 Qe4 50. Rc3 h5 51. a4 h4 52. a5 Qa8 53.
Ra3 Qa6 54. Rh2 g5 55. Rf2 Qe6 56. Rf1 c3 57. Rxc3 g4 58. Rxf6 Qe1+ 59. Kc2
Qe2+ 60. Kb1 Qe4+ 61. Kc1 Qe1+ 62. Kc2 Qe2+ 63. Kb1 Qe4+ 64. Ka2 Qd5+ 65. Kb1
Qe4+ 1/2-1/2

[Event "Liga Madrileña - DH 2012-2013"]
[Site "Madrid ESP"]
[Date "2012.12.16"]
[Round "4.42"]
[White "Castellanos Vazquez, Jorge"]
[Black "Almagro Llanas, Pablo"]
[Result "0-1"]
[WhiteElo "2191"]
[BlackElo "2442"]
[PlyCount "114"]
[EventDate "2012.11.18"]
[EventRounds "14"]
[EventCountry "ESP"]
[Source "lmi"]
[SourceDate "2012.11.18"]
[WhiteTeam "Cafe Comercial"]
[BlackTeam "Virgen de Atocha"]
[WhiteTeamCountry "ESP"]
[BlackTeamCountry "ESP"]

1. e4 c6 2. c4 d5 3. cxd5 cxd5 4. exd5 Nf6 5. Bb5+ Nbd7 6. Nc3 g6 7. Nf3 Bg7 8.
d6 exd6 9. O-O O-O 10. d4 a6 11. Bd3 Re8 12. Bf4 Nb6 13. Qd2 Bg4 14. Ng5 d5 15.
h3 Bd7 16. b3 h6 17. Nf3 Ne4 18. Qb2 Bxh3 19. gxh3 Qf6 20. Bc7 Qxf3 21. Bxe4
dxe4 22. Bxb6 Re6 23. Nd5 e3 24. Nc7 e2 25. Nxe6 exf1=R+ 26. Rxf1 fxe6 27. Rc1
Qxh3 28. Rc3 Qg4+ 29. Rg3 Qd1+ 30. Kg2 g5 31. Qc3 Rf8 32. Qe3 e5 33. Qe4 exd4
34. Rd3 Qc2 35. Bxd4 Rf4 36. Qd5+ Kh7 37. Be3 Rf6 38. Qe4+ Rg6 39. Bd4 Bxd4 40.
Rxd4 Qxe4+ 41. Rxe4 Rb6 42. Kg3 Kg6 43. Re7 Kf6 44. Rc7 Rb4 45. Rh7 Kg6 46. Rd7
h5 47. f3 b6 48. Rd5 Rb5 49. Rd8 Rf5 50. Rg8+ Kf6 51. Rb8 h4+ 52. Kg2 Rb5 53.
Ra8 a5 54. Kh3 Rf5 55. Kg4 Rf4+ 56. Kh5 h3 57. Rf8+ Kg7 0-1

[Event "Liga Madrileña - DH 2012-2013"]
[Site "Madrid ESP"]
[Date "2012.12.16"]
[Round "4.43"]
[White "Rubio Mejia, Luis Ignacio"]
[Black "Hinojar Diez, David"]
[Result "1-0"]
[WhiteElo "2432"]
[BlackElo "2172"]
[PlyCount "57"]
[EventDate "2012.11.18"]
[EventRounds "14"]
[EventCountry "ESP"]
[Source "lmi"]
[SourceDate "2012.11.18"]
[WhiteTeam "Virgen de Atocha"]
[BlackTeam "Cafe Comercial"]
[WhiteTeamCountry "ESP"]
[BlackTeamCountry "ESP"]

1. d4 d5 2. c4 e6 3. Nc3 Nf6 4. cxd5 exd5 5. Bg5 Be7 6. e3 O-O 7. Bd3 c6 8. Qc2
Nbd7 9. Nge2 Re8 10. O-O-O b5 11. Kb1 Bb7 12. h3 a5 13. g4 Nf8 14. Ng3 h6 15.
Bxh6 gxh6 16. Nf5 Ne6 17. Nxh6+ Kf8 18. Bg6 Ng5 19. h4 Nfe4 20. Nxe4 dxe4 21.
Bh5 Qd7 22. hxg5 Bxg5 23. Nxf7 Bf6 24. Ne5 Qc7 25. Bxe8 Rxe8 26. Qxe4 Bg7 27.
Qf5+ Kg8 28. Qg6 Rxe5 29. dxe5 1-0

[Event "Liga Madrileña - DH 2012-2013"]
[Site "Madrid ESP"]
[Date "2012.12.16"]
[Round "4.44"]
[White "Bertino, Paolo"]
[Black "Fernandez Barrera, Victor"]
[Result "0-1"]
[WhiteElo "2067"]
[BlackElo "2312"]
[PlyCount "42"]
[EventDate "2012.11.18"]
[EventRounds "14"]
[EventCountry "ESP"]
[Source "lmi"]
[SourceDate "2012.11.18"]
[WhiteTeam "Cafe Comercial"]
[BlackTeam "Virgen de Atocha"]
[WhiteTeamCountry "ESP"]
[BlackTeamCountry "ESP"]

1. d4 Nf6 2. Bg5 Ne4 3. Bf4 c5 4. c3 Qb6 5. Bc1 d5 6. e3 Nc6 7. Nf3 cxd4 8.
exd4 e5 9. Bd3 exd4 10. Bxe4 dxe4 11. Nxd4 Bc5 12. O-O Nxd4 13. cxd4 Bxd4 14.
Nd2 O-O 15. Nxe4 Bf5 16. Qf3 Bg6 17. Nc3 Rfe8 18. a4 Rad8 19. Nb5 Be4 20. Qf4
Be5 21. Qe3 Qg6 0-1

[Event "Liga Madrileña - DH 2012-2013"]
[Site "Madrid ESP"]
[Date "2012.12.16"]
[Round "4.45"]
[White "Rodrigo Yanguas, Maria"]
[Black "Beltran Redrado, Jose Antonio"]
[Result "1/2-1/2"]
[WhiteElo "2187"]
[BlackElo "2009"]
[PlyCount "82"]
[EventDate "2012.11.18"]
[EventRounds "14"]
[EventCountry "ESP"]
[Source "lmi"]
[SourceDate "2012.11.18"]
[WhiteTeam "Virgen de Atocha"]
[BlackTeam "Cafe Comercial"]
[WhiteTeamCountry "ESP"]
[BlackTeamCountry "ESP"]

1. e4 c6 2. d4 d5 3. e5 Bf5 4. Nd2 e6 5. Nb3 a6 6. Ne2 c5 7. Nxc5 Bxc5 8. dxc5
Qc7 9. Be3 Nd7 10. Ng3 Ne7 11. Bd3 Bxd3 12. cxd3 Nxe5 13. O-O Nd7 14. b4 O-O
15. d4 h6 16. Qf3 Ng6 17. Nh5 Kh7 18. g4 f5 19. Kh1 fxg4 20. Qxg4 Nf6 21. Nxf6+
Rxf6 22. Rg1 Rg8 23. Rg3 Ne7 24. Re1 Nf5 25. Rg2 Nxe3 26. Rxe3 Qf7 27. f3 Re8
28. a4 Rf4 29. Qg3 Rxd4 30. Qe1 Rf4 31. Qb1+ Qf5 32. Qb2 d4 33. Re1 Re7 34.
Reg1 e5 35. b5 axb5 36. axb5 Rxf3 37. c6 g5 38. b6 Qc8 39. c7 Rc3 40. Qb4 Qd7
41. Rf1 Kg7 1/2-1/2

[Event "Liga Madrileña - DH 2012-2013"]
[Site "Madrid ESP"]
[Date "2012.12.16"]
[Round "4.46"]
[White "Galan Fernandez, Felix"]
[Black "Perez de Aranda, Leonardo Ivan"]
[Result "0-1"]
[WhiteElo "2004"]
[BlackElo "2109"]
[PlyCount "78"]
[EventDate "2012.11.18"]
[EventRounds "14"]
[EventCountry "ESP"]
[Source "lmi"]
[SourceDate "2012.11.18"]
[WhiteTeam "Cafe Comercial"]
[BlackTeam "Virgen de Atocha"]
[WhiteTeamCountry "ESP"]
[BlackTeamCountry "ESP"]

1. e4 c5 2. Nf3 d6 3. d3 g6 4. g3 Bg7 5. Bg2 e5 6. O-O Ne7 7. c4 O-O 8. Nc3
Nbc6 9. Ne1 f5 10. f4 exf4 11. Bxf4 Ne5 12. Qd2 N7c6 13. Nc2 Be6 14. Nd5 Qd7
15. Rab1 fxe4 16. Bxe4 Bh3 17. Bg2 Bf5 18. Bxe5 Nxe5 19. Nf4 g5 20. Bd5+ Kh8
21. d4 cxd4 22. Nh5 Bd3 23. Rfe1 Bf6 24. Rxe5 Bxc2 25. Rxg5 Bxg5 26. Qxd4+ Bf6
27. Nxf6 Qg7 28. Rf1 Rae8 29. Qh4 Re5 30. Rf4 Rf5 31. Nh5 Rxf4 32. Nxf4 Qxb2
33. Qe7 Qf6 34. Qxb7 Qd4+ 35. Kg2 Re8 36. Ne6 Qd2+ 37. Kg1 Qe3+ 38. Kg2 Rxe6
39. Bxe6 Be4+ 0-1

[Event "Liga Madrileña - DH 2012-2013"]
[Site "Madrid ESP"]
[Date "2013.01.13"]
[Round "5.11"]
[White "Vazquez Igarza, Renier"]
[Black "Adan Bermudez, Sergio"]
[Result "1-0"]
[WhiteElo "2565"]
[BlackElo "2285"]
[PlyCount "83"]
[EventDate "2012.11.18"]
[EventRounds "14"]
[EventCountry "ESP"]
[Source "lmi"]
[SourceDate "2012.11.18"]
[WhiteTeam "Collado Villalba"]
[BlackTeam "Pueblo Nuevo"]
[WhiteTeamCountry "ESP"]
[BlackTeamCountry "ESP"]

1. Nf3 d6 2. d4 g6 3. g3 Bg7 4. c4 e5 5. Nc3 exd4 6. Nxd4 Ne7 7. Bg2 Nbc6 8.
Be3 Bd7 9. O-O O-O 10. Rc1 Nf5 11. Nxf5 Bxf5 12. b3 Qd7 13. Nd5 h6 14. Bxh6 Bh3
15. Qd2 Bxg2 16. Kxg2 Rae8 17. Qg5 Bxh6 18. Qxh6 Qf5 19. Rfe1 Nd4 20. Qf4 Qxf4
21. Nxf4 Re5 22. e3 Ne6 23. Nd5 Kg7 24. h4 Rh5 25. Rh1 Rfh8 26. Rcd1 a5 27. Nc3
b6 28. Nd5 f6 29. e4 Kf7 30. f4 Kg7 31. Kf3 Kf7 32. Rd2 R8h7 33. Rdh2 f5 34.
Rd2 fxe4+ 35. Kxe4 Rh8 36. Kf3 a4 37. Re1 c5 38. Kf2 a3 39. Rde2 Re8 40. Nxb6
Rhh8 41. Nd5 Nd4 42. Re7+ 1-0

[Event "Liga Madrileña - DH 2012-2013"]
[Site "Madrid ESP"]
[Date "2013.01.13"]
[Round "5.12"]
[White "Fernandez Lledo, Javier"]
[Black "Moreno Ruiz, Javier"]
[Result "1-0"]
[WhiteElo "2238"]
[BlackElo "2492"]
[PlyCount "65"]
[EventDate "2012.11.18"]
[EventRounds "14"]
[EventCountry "ESP"]
[Source "lmi"]
[SourceDate "2012.11.18"]
[WhiteTeam "Pueblo Nuevo"]
[BlackTeam "Collado Villalba"]
[WhiteTeamCountry "ESP"]
[BlackTeamCountry "ESP"]

1. Nf3 Nf6 2. c4 e6 3. e3 d5 4. Nc3 c5 5. cxd5 exd5 6. d4 a6 7. Be2 Nc6 8. O-O
Bd6 9. dxc5 Bxc5 10. a3 O-O 11. b4 Bb6 12. Bb2 Re8 13. Rc1 Bc7 14. Qd3 Be6 15.
Rfd1 Qe7 16. Na4 Bd6 17. Nc5 a5 18. Nxe6 fxe6 19. b5 Nd8 20. Ne5 Nf7 21. Nxf7
Qxf7 22. Bf3 Red8 23. a4 Nd7 24. Bd4 Rf8 25. Qb3 Kh8 26. Rd2 Qg6 27. Qd1 Rac8
28. Rxc8 Rxc8 29. g3 Ba3 30. Qb3 Bb4 31. Rd1 Qf5 32. Bg2 Rc2 33. e4 1-0

[Event "Liga Madrileña - DH 2012-2013"]
[Site "Madrid ESP"]
[Date "2013.01.13"]
[Round "5.13"]
[White "Reyes Larena, Juan"]
[Black "Navarro Nicolas, Victor Manuel"]
[Result "1-0"]
[WhiteElo "2441"]
[BlackElo "2211"]
[PlyCount "109"]
[EventDate "2012.11.18"]
[EventRounds "14"]
[EventCountry "ESP"]
[Source "lmi"]
[SourceDate "2012.11.18"]
[WhiteTeam "Collado Villalba"]
[BlackTeam "Pueblo Nuevo"]
[WhiteTeamCountry "ESP"]
[BlackTeamCountry "ESP"]

1. e4 e6 2. d3 d5 3. Nd2 Nf6 4. Ngf3 b6 5. c3 c5 6. Qa4+ Qd7 7. Qc2 Qc7 8. Be2
Ba6 9. O-O dxe4 10. Nxe4 Nxe4 11. dxe4 Bxe2 12. Qxe2 Nc6 13. Re1 g6 14. Bg5 Bg7
15. Rac1 O-O 16. e5 h6 17. Bh4 Ne7 18. Bxe7 Qxe7 19. Nd2 Rad8 20. f4 g5 21. g3
gxf4 22. gxf4 f6 23. exf6 Rxf6 24. Rf1 Rg6+ 25. Kf2 Qh4+ 26. Ke3 e5 27. Ne4 Rg4
28. Qf3 Rxf4 29. Qh1 h5 30. Rcd1 Rxd1 31. Rxd1 Bh6 32. Rg1+ Rg4+ 33. Ke2 Kf8
34. Rxg4 hxg4 35. Nf2 Qg5 36. Qa8+ Kf7 37. Qxa7+ Ke8 38. Qb8+ Kd7 39. Qb7+ Ke8
40. Qc8+ Kf7 41. Qd7+ Kg8 42. Nxg4 Bg7 43. h3 Qf4 44. Nf2 Bh6 45. Qg4+ Kf7 46.
Qd7+ Kf8 47. Qd6+ Kf7 48. Qd5+ Ke7 49. Ng4 Bg7 50. Qb7+ Kf8 51. Qf3 Qxf3+ 52.
Kxf3 Ke7 53. Ke4 Ke6 54. c4 Bh8 55. h4 1-0

[Event "Liga Madrileña - DH 2012-2013"]
[Site "Madrid ESP"]
[Date "2013.01.13"]
[Round "5.14"]
[White "Barez Menendez, Hector"]
[Black "Garrido Dominguez, Jesus"]
[Result "0-1"]
[WhiteElo "2163"]
[BlackElo "2400"]
[PlyCount "120"]
[EventDate "2012.11.18"]
[EventRounds "14"]
[EventCountry "ESP"]
[Source "lmi"]
[SourceDate "2012.11.18"]
[WhiteTeam "Pueblo Nuevo"]
[BlackTeam "Collado Villalba"]
[WhiteTeamCountry "ESP"]
[BlackTeamCountry "ESP"]

1. d4 Nf6 2. Nf3 g6 3. g3 Bg7 4. Bg2 O-O 5. c4 d6 6. O-O c6 7. Nc3 Bf5 8. b3
Ne4 9. Bb2 Nxc3 10. Bxc3 Be4 11. Qd2 d5 12. Qe3 Nd7 13. Bh3 Bxf3 14. Qxf3 dxc4
15. bxc4 Nb6 16. c5 Na4 17. Rfd1 Qc7 18. Rab1 b6 19. cxb6 axb6 20. Ba1 c5 21.
dxc5 Nxc5 22. Bxg7 Kxg7 23. Qc3+ Kg8 24. a3 Rfd8 25. Bg2 Rxd1+ 26. Rxd1 Rd8 27.
Rxd8+ Qxd8 28. Bf3 Qd6 29. Qc4 Kg7 30. Kg2 e5 31. Qd5 Qe7 32. Be4 f5 33. Bd3
Qb7 34. Bc4 Kf6 35. f3 Qxd5 36. Bxd5 g5 37. Kf2 Ke7 38. Ke3 Kd6 39. Bg8 h6 40.
Kd2 Nb7 41. Kc3 Kc5 42. e3 Nd6 43. h4 Nb5+ 44. Kd3 f4 45. gxf4 gxh4 46. Be6
exf4 47. a4 Nc7 48. Bh3 Nd5 49. e4 Nb4+ 50. Kc3 Nc6 51. Kd3 Ne5+ 52. Ke2 Kb4
53. Kf2 Kxa4 54. Be6 b5 55. Kg2 Ka3 56. Kh3 Nxf3 57. Kg4 Ng5 58. Bd5 f3 59. e5
f2 60. Bg2 h3 0-1

[Event "Liga Madrileña - DH 2012-2013"]
[Site "Madrid ESP"]
[Date "2013.01.13"]
[Round "5.15"]
[White "Pastor Alonso de Prado, Alberto"]
[Black "Nunez Reiz, Antonio"]
[Result "1/2-1/2"]
[WhiteElo "2143"]
[BlackElo "2123"]
[PlyCount "121"]
[EventDate "2012.11.18"]
[EventRounds "14"]
[EventCountry "ESP"]
[Source "lmi"]
[SourceDate "2012.11.18"]
[WhiteTeam "Collado Villalba"]
[BlackTeam "Pueblo Nuevo"]
[WhiteTeamCountry "ESP"]
[BlackTeamCountry "ESP"]

1. e4 Nc6 2. Nf3 g6 3. Nc3 d6 4. d4 Bg7 5. Bb5 a6 6. Bxc6+ bxc6 7. h3 Nf6 8.
O-O O-O 9. Re1 Rb8 10. Rb1 c5 11. e5 Nd7 12. Bf4 Bb7 13. dxc5 Bxf3 14. Qxf3
Nxe5 15. Qe4 Nd7 16. Na4 e5 17. Bd2 Nxc5 18. Nxc5 dxc5 19. Bc3 Re8 20. Rbd1 Qe7
21. f4 f6 22. fxe5 fxe5 23. Qc4+ Qe6 24. Rd5 e4 25. Bxg7 Kxg7 26. Qc3+ Kg8 27.
Rxc5 Re7 28. b3 Rd8 29. Rc6 Qf7 30. Rc4 Qe6 31. Qe3 Rde8 32. a4 Kf7 33. a5 Kg8
34. Rc5 Rf8 35. Qc3 Qf7 36. Qc4 e3 37. Qxf7+ Rfxf7 38. Rc6 Rf5 39. Rxa6 Rd5 40.
Ra8+ Kg7 41. a6 Ra5 42. g3 Ra2 43. Re2 c6 44. Kg2 Ra5 45. g4 h5 46. Kf3 hxg4+
47. hxg4 Rae5 48. b4 g5 49. c3 Rf7+ 50. Kg3 Re4 51. a7 Kf6 52. c4 Ree7 53. Rc8
Rxa7 54. Rxc6+ Kg7 55. Rxe3 Ra1 56. Rc5 Rg1+ 57. Kh3 Kh6 58. Re6+ Kh7 59. Kh2
Rxg4 60. Rec6 Rff4 61. Ra5 1/2-1/2

[Event "Liga Madrileña - DH 2012-2013"]
[Site "Madrid ESP"]
[Date "2013.01.13"]
[Round "5.16"]
[White "Nieto de la Cruz, Julio"]
[Black "Cao Armillas, Jesus"]
[Result "1-0"]
[WhiteElo "2111"]
[BlackElo "2173"]
[PlyCount "41"]
[EventDate "2012.11.18"]
[EventRounds "14"]
[EventCountry "ESP"]
[Source "lmi"]
[SourceDate "2012.11.18"]
[WhiteTeam "Pueblo Nuevo"]
[BlackTeam "Collado Villalba"]
[WhiteTeamCountry "ESP"]
[BlackTeamCountry "ESP"]

1. Nf3 Nf6 2. d4 e6 3. e3 b6 4. Bd3 Bb7 5. Nbd2 d5 6. b3 Bd6 7. Bb2 Qe7 8. Ne5
O-O 9. O-O c5 10. f4 Ne4 11. f5 f6 12. Bxe4 fxe5 13. dxe5 dxe4 14. exd6 Qd7 15.
f6 g6 16. Qg4 e5 17. Qg5 Qe6 18. f7+ Rxf7 19. Qd8+ Kg7 20. Rxf7+ Qxf7 21. Bxe5+
1-0